| 000 | 00530cam a2200205ua 4500 | ||
|---|---|---|---|
| 001 | 1590 | ||
| 005 | 20260515113344.0 | ||
| 008 | 110712n ii |||gr||||Z||||||asm | ||
| 020 | _a81-7339-027-4 | ||
| 040 | _cMAIN | ||
| 082 | _a336 | ||
| 100 | 1 |
_aHuda, Monirul, _eAuthor. |
|
| 245 | 1 |
_aArthaniti tattva : _bbyastigat arthanaitik tattva / _cby Monirul Huda |
|
| 250 | _a11th. | ||
| 260 |
_aDibrugarh: _bBanalata, _c2007. _aguahati: |
||
| 300 |
_a582p: _c23cm. |
||
| 653 | _aEconomics | ||
| 653 | _apublic finance | ||
| 942 | _cBK | ||
| 999 |
_c1477 _d1477 |
||